01231nam a2200301Ia 4500001000700000003000500007008004100012010001100053040000900064090001700073100003900090245019100129260004100320300001000361502007600371650003800447650002900485650002400514700004400538901001700582902000600599910000900605942000600614942000600620999001900626952014200645952014200787Z_2149CHAP220113s1995 xx 000 0 und d a163574 cCHAP aTesis G 1016 aGarcía García, Aníbal946018 aAnálisis bromatológico y digestibilidad in situ en forrajes cultivados y nativos de agostadero del sur de Sinaloa /cpor Aníbal García García y Eduardo Raúl García Rivera aChapingo, Méx. :bEl autor,c1995 a64 h. aTesis (Ing. Agr. Esp. en Zootecnia) -- UACH. Departamento de Zootecnia 7aForrajesxDigestibilidad2942568 aForrajesxSinaloa942595 aNutrición animal  aGarcía Rivera, Eduardo Raúl9137734 aTESIS G 1016 aM a1995 c2 c2 c163574d163574 00102local4051708TESISaZbZd2005-11-09eEl autorl0oTesis G37 1016 1995p5101001517r2022-01-18 00:00:00tEj.1w2022-01-18yTESIS 00102local4055708TESISaZbZd2005-11-09eEl autorl0oTesis G37 1016 1995p5101001518r2022-01-18 00:00:00tEj.2w2022-01-18yTESIS